| 000 | 00737nam a22001937a 4500 | ||
|---|---|---|---|
| 003 | BD-DhUL | ||
| 005 | 20160921165408.0 | ||
| 008 | 160921b2002 bg ||||| |||| 00| 0 ben d | ||
| 040 | _cBD-DhUL | ||
| 082 |
_a954.92 _bHAJ |
||
| 100 | _aহাসান, এম. এ. | ||
| 245 |
_aযুদ্ধ ও নারী / _cএম. এ. হাসান |
||
| 260 |
_aঢাকা : _bওয়ার ক্রাইমস ফ্যাক্টস ফাইন্ডিং কমিটি , _c২০০২ |
||
| 300 |
_a৩০৪ পৃ. : _c২১ সে.মি. |
||
| 500 | _aনির্ঘন্ট সম্বলিত | ||
| 650 | 0 | _aBangladesh- history | |
| 650 | 0 | _aবাংলাদেশ -ইতিহাস | |
| 942 |
_2ddc _cBK |
||
| 999 |
_c105277 _d105277 |
||